Pays avec le plus de fuseaux horaires - Statistiques

Statistiques générales
  • Ce quiz a été pris 70 fois
  • Le résultat moyen est 6 sur 7
Statistiques - réponses
Hint Réponse % Correct
11 Etats-Unis
95%
11 Russie
94%
6 Canada
91%
4 Brésil
83%
12 France
83%
8 Australie
77%
4 Mexique
67%
Aucun quiz correspondant
Distribution des résultats
% des personnes avec chaque résultat
Percentile par nombre de réponses
Votre historique - résultats
Vous n’avez pas pris ce quiz